<?xml version="1.0" encoding="UTF-8"?>
<record
    xmlns:xsi="http://www.w3.org/2001/XMLSchema-instance"
    xsi:schemaLocation="http://www.loc.gov/MARC21/slim http://www.loc.gov/standards/marcxml/schema/MARC21slim.xsd"
    xmlns="http://www.loc.gov/MARC21/slim">

  <leader>00429pam a2200157a 44500</leader>
  <controlfield tag="008">230405s2017    xxu||||| |||| 00| 0 eng d</controlfield>
  <datafield tag="041" ind1=" " ind2=" ">
    <subfield code="a">ENG</subfield>
  </datafield>
  <datafield tag="100" ind1=" " ind2=" ">
    <subfield code="a">GHILDAYAL B P</subfield>
  </datafield>
  <datafield tag="245" ind1=" " ind2=" ">
    <subfield code="a">SOIL PHYSICS</subfield>
  </datafield>
  <datafield tag="250" ind1=" " ind2=" ">
    <subfield code="a">R.P.2001 . Ed.</subfield>
  </datafield>
  <datafield tag="260" ind1=" " ind2=" ">
    <subfield code="a">New Delhi</subfield>
    <subfield code="b">New Age International (P) LTD., Publishers</subfield>
    <subfield code="c">2017</subfield>
  </datafield>
  <datafield tag="300" ind1=" " ind2=" ">
    <subfield code="a">656p.</subfield>
  </datafield>
  <datafield tag="440" ind1=" " ind2=" ">
    <subfield code="a">UNIVERSAL BOOK STALL,PUNE,B-402,DT-07/02/2004</subfield>
  </datafield>
  <datafield tag="700" ind1=" " ind2=" ">
    <subfield code="a">TRIPATHI R P</subfield>
  </datafield>
  <datafield tag="906" ind1=" " ind2=" ">
    <subfield code="a">662</subfield>
  </datafield>
  <datafield tag="999" ind1=" " ind2=" ">
    <subfield code="c">289540</subfield>
    <subfield code="d">289540</subfield>
  </datafield>
  <datafield tag="952" ind1=" " ind2=" ">
    <subfield code="0">0</subfield>
    <subfield code="1">0</subfield>
    <subfield code="4">0</subfield>
    <subfield code="7">0</subfield>
    <subfield code="8">C</subfield>
    <subfield code="a">AGK</subfield>
    <subfield code="b">AGK</subfield>
    <subfield code="c">5/A</subfield>
    <subfield code="d">2017-01-21</subfield>
    <subfield code="l">0</subfield>
    <subfield code="p">AGK-1016</subfield>
    <subfield code="r">2023-04-17 00:00:00</subfield>
    <subfield code="w">2023-04-17</subfield>
    <subfield code="y">BK</subfield>
  </datafield>
  <datafield tag="952" ind1=" " ind2=" ">
    <subfield code="0">0</subfield>
    <subfield code="1">0</subfield>
    <subfield code="4">0</subfield>
    <subfield code="7">0</subfield>
    <subfield code="8">C</subfield>
    <subfield code="a">AGK</subfield>
    <subfield code="b">AGK</subfield>
    <subfield code="c">5/A</subfield>
    <subfield code="d">2017-01-21</subfield>
    <subfield code="l">1</subfield>
    <subfield code="p">AGK-1015</subfield>
    <subfield code="r">2026-04-11 00:00:00</subfield>
    <subfield code="s">2026-03-05</subfield>
    <subfield code="w">2023-04-17</subfield>
    <subfield code="y">BK</subfield>
  </datafield>
  <datafield tag="952" ind1=" " ind2=" ">
    <subfield code="0">0</subfield>
    <subfield code="1">0</subfield>
    <subfield code="4">0</subfield>
    <subfield code="7">0</subfield>
    <subfield code="8">C</subfield>
    <subfield code="a">AGK</subfield>
    <subfield code="b">AGK</subfield>
    <subfield code="c">5/A</subfield>
    <subfield code="d">2017-01-21</subfield>
    <subfield code="l">1</subfield>
    <subfield code="p">AGK-1014</subfield>
    <subfield code="r">2025-07-19 00:00:00</subfield>
    <subfield code="s">2025-07-19</subfield>
    <subfield code="w">2023-04-17</subfield>
    <subfield code="y">BK</subfield>
  </datafield>
  <datafield tag="952" ind1=" " ind2=" ">
    <subfield code="0">0</subfield>
    <subfield code="1">0</subfield>
    <subfield code="4">0</subfield>
    <subfield code="7">0</subfield>
    <subfield code="8">C</subfield>
    <subfield code="a">AGK</subfield>
    <subfield code="b">AGK</subfield>
    <subfield code="c">5/A</subfield>
    <subfield code="d">2017-01-09</subfield>
    <subfield code="l">1</subfield>
    <subfield code="p">AGK-452</subfield>
    <subfield code="r">2026-04-20 00:00:00</subfield>
    <subfield code="s">2026-03-05</subfield>
    <subfield code="w">2023-04-17</subfield>
    <subfield code="y">BK</subfield>
  </datafield>
</record>
